House & Garden (Запись № 12625132)

Подробности
000 -МАРКЕР
контрольное поле 01544nam0a2200373 4500
001 - ИДЕНТИФИКАТОР ЗАПИСИ
контрольное поле RU\NLR\BIBL_A\022060222
005 - ИДЕНТИФИКАТОР ВЕРСИИ
контрольное поле 20250625104416.0
010 ## - МЕЖДУНАРОДНЫЙ СТАНДАРТНЫЙ НОМЕР КНИГИ (ISBN)
Номер (ISBN) 978-5-907183-64-3
Тираж 700
021 ## - НОМЕР ГОСУДАРСТВЕННОЙ РЕГИСТРАЦИИ
Код страны российская федерация
Номер 2023-831и
Номер Листа государственной регистраци АЛ-П-174
035 ## - ДРУГИЕ СИСТЕМНЫЕ НОМЕРА
Идентификатор записи (RuMoRGB)012130976
035 ## - ДРУГИЕ СИСТЕМНЫЕ НОМЕРА
Идентификатор записи (NLR Aleph) 022060222
100 ## - ДАННЫЕ ОБЩЕЙ ОБРАБОТКИ
Данные общей обработки 20231026d2023 |||y0rusy50 ca
101 0# - ЯЗЫК РЕСУРСА
Язык текста, звукозаписи и т.д. английский
102 ## - СТРАНА ПУБЛИКАЦИИ ИЛИ ПРОИЗВОДСТВА
Страна публикации российская федерация
105 ## - ПОЛЕ КОДИРОВАННЫХ ДАННЫХ: ТЕКСТОВЫЕ МАТЕРИАЛЫ, МОНОГРАФИЧЕСКИЕ
Кодированные данные о монографическом текстовом документе a b 100zy
181 #1 - ПОЛЕ КОДИРОВАННЫХ ДАННЫХ: ВИД СОДЕРЖАНИЯ
Код вида содержания (ISBD) i
Код характеристики содержания (ISBD) e
182 #1 - ПОЛЕ КОДИРОВАННЫХ ДАННЫХ: ТИП СРЕДСТВА
Код типа средства (ISBD) n - непосредственное
200 1# - ЗАГЛАВИЕ И СВЕДЕНИЯ ОБ ОТВЕТСТВЕННОСТИ
Основное заглавие House & Garden
Сведения, относящиеся к заглавию [catalogue was published in conjunction with Sergey Sapozhnikov's House & Garden Moscow at GES-2 House of culture, June 8 - September 17, 2023
Первые сведения об ответственности editor-in-chief Francesco Bonami]
203 ## - ВИД СОДЕРЖАНИЯ И ТИП СРЕДСТВА
Вид содержания Текст
Дополнительные сведения об издании визуальный
Тип средства непосредственный
210 ## - ПУБЛИКАЦИЯ, РАСПРОСТРАНЕНИЕ И ДР.
Место издания, распространения и т.д. Moscow
Имя издателя, распространителя и т. д. V-A-C press
Дата издания, распространения и т.д. cop. 2023
215 ## - ФИЗИЧЕСКАЯ ХАРАКТЕРИСТИКА
Специфическое обозначение материала и объем 161, [7] с.
Другие сведения о физической характеристике ил., цв. ил.
Размеры 31
333 ## - ПРИМЕЧАНИЯ ОБ ОСОБЕННОСТЯХ РАСПРОСТРАНЕНИЯ И ИСПОЛЬЗОВАНИЯ
Текст примечания 12+
541 1# - ПЕРЕВОД ЗАГЛАВИЯ, СДЕЛАННЫЙ КАТАЛОГИЗАТОРОМ
Заглавие Дом & Сад
600 #1 - ИМЯ ЛИЦА КАК ПРЕДМЕТ
Начальный элемент ввода Сапожников
Часть имени, кроме начального элемента ввода С. А.
Даты 1984
Расширение инициалов личного имени Сергей Анатольевич
Формальный подзаголовок Каталоги
Тематический подзаголовок Выставки
Географический подзаголовок Москва, город
Хронологический подзаголовок 2023
Системный номер авторитетной/нормативной записи 2566935
Идентификатор авторитетной/нормативной записи RU\NLR\AUTH\6601729973
686 1# - ИНДЕКСЫ ДРУГИХ КЛАССИФИКАЦИЙ
Индекс Щ163(2Р=Рус)8-8Сапожников С. л62
702 #1 - ИМЯ ЛИЦА - ВТОРИЧНАЯ ОТВЕТСТВЕННОСТЬ
Начальный элемент ввода Bonami
Часть имени, кроме начального элемента ввода F.
Расширение инициалов личного имени Francesco
Код отношения Редактор
702 #1 - ИМЯ ЛИЦА - ВТОРИЧНАЯ ОТВЕТСТВЕННОСТЬ
Начальный элемент ввода Sapožnikov
Часть имени, кроме начального элемента ввода S. A.
Даты 1984-
Расширение инициалов личного имени Sergej Anatol'evič
Код отношения Прочие
711 10 - НАИМЕНОВАНИЕ ОРГАНИЗАЦИИ - АЛЬТЕРНАТИВНАЯ ОТВЕТСТВЕННОСТЬ
Графика поля Латинская
Материалы, к которым относится поле eng
Начальный элемент ввода Sapozhnikov,
Место проведения временной организации Moscow
Дата проведения временной организации 2023
Инверсированный элемент Sergey
Часть наименования, отличная от начального элемента ввода и от инверсированного элемента Exhibition "House & Garden"
Системный номер авторитетной/нормативной записи 873124
Идентификатор авторитетной/нормативной записи RU\NLR\AUTH\880601273
942 ## - ДОПОЛНИТЕЛЬНЫЕ ЭЛЕМЕНТЫ ЗАПИСИ (АБИС)
Тип экземпляра АБИС Книга
980 ## - КОЛЛЕКЦИЯ
Название коллекции Национальная библиография
Экземпляры
Тип экземпляра Дата поступления Источник поступления Стоимость Библиотека постоянного хранения Библиотека текущего хранения Место хранения Шифр хранения Штрих-код Статус не для выдачи
Книга 26.10.2023 Обязательный экземпляр 0.00 РНБ (Московский) РНБ (Московский) Иностранный книжный фонд Ик 2023-9/84 1-4392312  
Книга 26.10.2023 Обязательный экземпляр 0.00 РНБ (Московский) РНБ (Московский) Обменный фонд, иностранный   1-4392313